GASTRO-INTESTINAL OF PARASITES IN DOMESTIC CHICKEN AT MARKET IN DANGKOR DISTRICT, PHNOM PENH CITY. បរាសិតក្នុងប្រដាសរំលាយអាហារមាន់នៅផ្សារ ខណ្ឌដង្កៅ រាជធានីភ្នំពេញ (Record no. 21671)

000 -LEADER
fixed length control field 00631nam a22001217a 4500
040 ## - CATALOGING SOURCE
Transcribing agency RUA
100 ## - MAIN ENTRY--AUTHOR NAME
Personal name LONH CHANCHAV. ឡុញ ចាន់ចាវ
245 ## - TITLE STATEMENT
Title GASTRO-INTESTINAL OF PARASITES IN DOMESTIC CHICKEN AT MARKET IN DANGKOR DISTRICT, PHNOM PENH CITY. បរាសិតក្នុងប្រដាសរំលាយអាហារមាន់នៅផ្សារ ខណ្ឌដង្កៅ រាជធានីភ្នំពេញ
260 ## - PUBLICATION, DISTRIBUTION, ETC. (IMPRINT)
Place of publication Phnom Penh
Name of publisher RUA
Year of publication 2020
300 ## - PHYSICAL DESCRIPTION
Number of Pages IX.40P
Other physical details VII.
Dimensions 29CM
856 ## - ELECTRONIC LOCATION AND ACCESS
Uniform Resource Identifier https://drive.google.com/file/d/1nHvk8jzpSrbnybXbPD-_KlpZCOTK-CAq/view?usp=sharing
942 ## - ADDED ENTRY ELEMENTS (KOHA)
Koha item type VEM
952 ## - LOCATION AND ITEM INFORMATION (KOHA)
Withdrawn status [LOCAL, KOHA] 0
952 ## - LOCATION AND ITEM INFORMATION (KOHA)
Withdrawn status [LOCAL, KOHA] 0
952 ## - LOCATION AND ITEM INFORMATION (KOHA)
Withdrawn status [LOCAL, KOHA] 0
952 ## - LOCATION AND ITEM INFORMATION (KOHA)
Withdrawn status [LOCAL, KOHA] 0
952 ## - LOCATION AND ITEM INFORMATION (KOHA)
Withdrawn status [LOCAL, KOHA] 0
952 ## - LOCATION AND ITEM INFORMATION (KOHA)
Withdrawn status [LOCAL, KOHA] 0
Holdings
Permanent Location Date acquired Koha item type Lost status Shelving location Barcode Current Location Full call number
Library Block B2023-08-16VEM B1.602a073839Library Block BVEM LON 2020 B1.602 Or.
Library Block B2023-08-16VEM B1.602a073855Library Block BVEM LON 2020 B1.602 Or.
Library Block B2023-08-16VEM B1.602a074438Library Block BVEM LON 2020 B1.602 Or.
Library Block B2023-08-16VEM B1.602a074458Library Block BVEM LON 2020 B1.602 Or.
Library Block B2023-08-16VEM B1.602a074594Library Block BVEM LON 2020 B1.602 Or.
Library Block B2023-08-16VEM B1.602a074509Library Block BVEM LON 2020 B1.602 Or.
មជ្ឈមណ្ឌលឯការនៃសាកលវិទ្យាល័យភូមិន្ទកសិកម្មចំការដូង

Powered by Koha